| 000 -LEADER |
| fixed length control field |
01193nam a22002537a 4500 |
| 005 - DATE AND TIME OF LATEST TRANSACTION |
| control field |
20190821101221.0 |
| 008 - FIXED-LENGTH DATA ELEMENTS--GENERAL INFORMATION |
| fixed length control field |
190821b ||||| |||| 00| 0 eng d |
| 020 ## - INTERNATIONAL STANDARD BOOK NUMBER |
| International Standard Book Number |
9781302905378 |
| 040 ## - CATALOGING SOURCE |
| Transcribing agency |
KH8 |
| 082 ## - DEWEY DECIMAL CLASSIFICATION NUMBER |
| Classification number |
FIC WHI |
| 100 ## - MAIN ENTRY--PERSONAL NAME |
| Personal name |
Whitley, Jeremy |
| 245 ## - TITLE STATEMENT |
| Title |
Thor vs. Hulk : |
| Remainder of title |
champions of the universe / |
| Statement of responsibility, etc. |
Jeremy Whitley, writer ; Simone Buonfantino, Alti Firmansyah, artists. |
| 260 ## - PUBLICATION, DISTRIBUTION, ETC. |
| Place of publication, distribution, etc. |
New York, NY : |
| Name of publisher, distributor, etc. |
Marvel Worldwide, Inc., |
| Date of publication, distribution, etc. |
2018. ©2018. |
| 300 ## - PHYSICAL DESCRIPTION |
| Extent |
1 volume (unpaged) : |
| Other physical details |
color illustrations ; |
| Dimensions |
26 cm |
| 440 ## - SERIES STATEMENT/ADDED ENTRY--TITLE |
| Title |
MARVEL |
| 500 ## - GENERAL NOTE |
| General note |
Thor created by Stan Lee, Larry Lieber & Jack Kirby ; Hulk created by Stan Lee & Jack Kirby. |
| 520 ## - SUMMARY, ETC. |
| Summary, etc. |
An Elder of the Universe wants to fight Earth's strongest hero - but will Thor and Hulk ever agree on who that is? Of course not! They'll have to run a gauntlet of impossible challenges to prove their worth... but what's really waiting for them at the finish line? |
| 650 ## - SUBJECT ADDED ENTRY--TOPICAL TERM |
| Topical term or geographic name entry element |
Thor |
| Form subdivision |
(Norse deity) |
| General subdivision |
Comic books, strips, etc. |
| 650 ## - SUBJECT ADDED ENTRY--TOPICAL TERM |
| Topical term or geographic name entry element |
Hulk |
| Form subdivision |
(Fictitious character) |
| General subdivision |
Comic books, strips, etc. |
| 650 ## - SUBJECT ADDED ENTRY--TOPICAL TERM |
| Topical term or geographic name entry element |
Superheroes |
| Form subdivision |
Fiction. |
| 650 ## - SUBJECT ADDED ENTRY--TOPICAL TERM |
| Topical term or geographic name entry element |
Graphic novel |
| 700 ## - ADDED ENTRY--PERSONAL NAME |
| Personal name |
Lee, Stan |
| Relator term |
Creator |
| 942 ## - ADDED ENTRY ELEMENTS (KOHA) |
| Source of classification or shelving scheme |
|
| Koha item type |
Books - Fiction |